00910cam a22002172 450000100060000000300080000600500170001400800390003103500190007004000420008904100080013108200180013911000310015724501160018826001120030430000340041650001280045065000460057865000310062470000370065519528BD-RjUL20211209000438.0140224s1953 pauae c 000 0 eng a(BD-RjUL)19588 aDLCcDZMdSERdOCLdEQOdBD-RjULbeng aeng a720.9748bPHI2 aPhiladelphia Art Alliance.10aPhiladelphia architecture in the nineteenth century /c Theo B. White, editor, William P. Harbeson [and others] aPhiladelphia :bPublished for the Philadelphia Art Alliance by the University of Pennsylvania Press,c1953. a36, [86] p. :bill. ;c32 cm. a"A catalogue of the best examples of the exhibition held in the ... galleries of the Art Alliance in May and June of 1953." 0aArchitecturezPennsylvaniazPhiladelphia. 0aArchitecturevExhibitions.1 aWhite, Theophilus Ballou,d1903-